03559pam a22004211i 4500001001900000003000600019005001700025006001900042007001500061008004100076015001900117020004200136020003700178020003600215020004100251020004800292020003800340035002500378035002100403035001800424037004000442040003900482042001100521100003300532245006200565250001900627264003200646300004900678500002800727500001300755504005100768505087000819520124901689650002902938700004102967700003303008856009603041991007407829707026UkOxU20250915133947.0m || d | cr |||||||||||170206s2017 enka ob 001|0|eng|d aGBB7240972bnb a9781317536277 (ePub ebook) :cĐ36.99 z9781138848023 (hbk.) :cĐ100.00 z9781138848016 (pbk.) :cĐ36.99 a9781317536284 (PDF ebook) :cĐ36.99 a9781317536260 (Mobipocket ebook) :cĐ36.99 a9781315726205 (ebook) :cNo price a020919143-44oxf_inst a(UkOxU)020919143 a(Uk)018230260 a9781317536277bIngram Content Group aStDuBDSbengerdaepncStDuBDSdUk aukblsr aKelly, Davidd1950-eauthor.10aBusiness law c/ David Kelly, Ruby Hammer and John Hendy. aThird edition. 1aLondon :bRoutledge,c2017. a1 online resource :billustrations (colour). aPrevious edition: 2014. aAcademic aIncludes bibliographical references and index. aPart One — Law, Legal Sources and Dispute Resolution — The Criminal and Civil Courts — Alternative Dispute Resolution Part Two — Business Transactions — Contract (2): Contents of a Contract — Contract (3): Vitiating Factors — Contract (4): Discharge of a Contract — Consumer Protection and Sale of Goods and Services Part Three — Business Liability — Vicarious and Employers’ Liability — Liability for Land and Environmental Damage Part Four — Business Organisation — Partnership Law — Company Law (1): The Nature and Formation of Companies — Company Law (2): The Management and Operation of Companies Part Five — Employment Law and Health and Safety — Individual Employment Rights (2): Equal Pay and Discrimination — Individual Employment Rights (3): Termination — Health and Safety Law — Intellectual Property Rights. aBusiness Law offers comprehensive coverage of the key aspects of business law in a straightforward manner that is easy to understand for non-law students. It describes and considers the full range of legal topics such as Contract, Company and Employment Law, as well as including coverage of emerging areas such as Health and Safety and Environmental Law as they apply to business. Including all the recent major developments in the law such as the Companies Act 2006 the Lisbon Treaty, new regulations on Consumer Protection and the impact of environmental and climate change regulation on businesses, Business Law is one of the most up-to-date textbooks available today. Key learning features include: diagrams and tables to illustrate key principles and interrelationships between topics; key cases boxes which highlight landmark cases for ease of reference; revision summaries at the end of each chapter to help clarify the key points to focus on for each topic; an attractive two-colour text design which aids easy understanding and quick referencing. Primarily designed for undergraduates on business courses, Business Law will also be suitable for all those who need to study the law relating to business as part of their main course. 0aCommercial lawzEngland. aHammer, Rubyc(Law teacher)eauthor. aHendy, John,d1980-eauthor. uhttps://bibliotheque.tbs-education.fr/Default/doc/SYRACUSE/3393532/business-law-david-kelly